Loading...
| Ancient History and Archaeology | 2 | 10.00 | 0% | 0% | 200% |
| Beliefs | 8 | 11.25 | 163% | 50% | 75% |
| British and Commonwealth History | 4 | 15.00 | 225% | 100% | 25% |
| Current Events | 2 | 5.00 | 200% | 0% | 0% |
| Fine Arts - Auditory | 3 | 16.67 | 267% | 67% | 133% |
| Fine Arts - Visual | 1 | 10.00 | 0% | 200% | 0% |
| History - American | 3 | 13.33 | 133% | 200% | 0% |
| History - European | 3 | 6.67 | 267% | 0% | 0% |
| History - World | 6 | 10.00 | 267% | 67% | 0% |
| Literature - American | 2 | 10.00 | 0% | 100% | 100% |
| Literature - British | 5 | 12.00 | 80% | 60% | 120% |
| Literature - European | 3 | 6.67 | 133% | 0% | 33% |
| Other Academic | 2 | 5.00 | 0% | 0% | 100% |
| Other Arts: Auditory | 1 | 10.00 | 0% | 200% | 0% |
| Other Arts: Visual | 2 | 5.00 | 0% | 100% | 0% |
| Other Science: Earth Science | 1 | 10.00 | 0% | 100% | 0% |
| Other Science: Math | 1 | 10.00 | 0% | 200% | 0% |
| Philosophy | 6 | 11.67 | 200% | 67% | 50% |
| Science - Biology | 5 | 12.00 | 160% | 80% | 80% |
| Science - Chemistry | 1 | 20.00 | 400% | 200% | 0% |
| Science - Physics | 2 | 15.00 | 0% | 100% | 200% |
| Social Science | 5 | 10.00 | 80% | 140% | 0% |
| World and Other Literature | 4 | 12.50 | 100% | 50% | 150% |